[Event "39th Olympiad Women"]
[Site "Khanty-Mansiysk RUS"]
[Date "2010.09.28"]
[Round "7"]
[White "Savina, Anastasia"]
[Black "Voicu-Jagodzinsky, Carmen"]
[Result "1/2-1/2"]
[WhiteTitle "WGM"]
[BlackTitle "WGM"]
[WhiteElo "2404"]
[BlackElo "2313"]
[Board "4.3"]
[WhiteTeam "RUS2"]
[BlackTeam "ROU"]
[WhiteFideId "4196872"]
[BlackFideId "1206729"]
[EventDate "2010.09.21"]
[EventType "team"]

1. d4 Nf6 2. c4 c5 3. d5 e6 4. Nc3 exd5 5. cxd5 d6 6. Nf3 g6 7. Nd2 Bg7 8. e4
O-O 9. Be2 Re8 10. O-O Na6 11. f3 Nc7 12. a4 b6 13. Kh1 Rb8 14. Bb5 Rf8 15. Bc6
a6 16. Nc4 b5 17. Qb3 Nh5 18. Be3 Qh4 19. Bf2 Qe7 20. axb5 Nxb5 21. Nxb5 axb5
22. Ra5 bxc4 23. Qxb8 Qg5 24. Qxd6 Be5 25. Qxc5 Qf4 26. g3 Qxf3+ 27. Kg1 Qg4 28.
d6 Nf4 29. d7 Ne2+ 30. Kg2 Nf4+ 31. Kg1 Ne2+ 32. Kg2 Nf4+ 1/2-1/2

[Event "39th Olympiad Women"]
[Site "Khanty-Mansiysk RUS"]
[Date "2010.09.28"]
[Round "7"]
[White "Bulmaga, Irina"]
[Black "Kashlinskaya, Alina"]
[Result "0-1"]
[WhiteTitle "WIM"]
[BlackTitle "WGM"]
[WhiteElo "2267"]
[BlackElo "2358"]
[Board "4.4"]
[WhiteTeam "ROU"]
[BlackTeam "RUS2"]
[WhiteFideId "13903063"]
[BlackFideId "4198026"]
[EventDate "2010.09.21"]
[EventType "team"]

1. d4 Nf6 2. Nf3 g6 3. Nbd2 d5 4. b4 Bg7 5. e3 O-O 6. Bb2 a5 7. b5 a4 8. Ba3 Re8
9. c4 c6 10. Ne5 Nfd7 11. Nxd7 Nxd7 12. cxd5 cxd5 13. f4 Qa5 14. Rc1 Nf6 15. Qc2
Bf5 16. Qc3 Qxc3 17. Rxc3 Rac8 18. Rc5 Ng4 19. Ke2 b6 20. Rxc8 Rxc8 21. Bb4 Rc2
22. a3 e6 23. h3 Nf6 24. g4 Be4 25. Rg1 Bf8 26. Kd1 Ra2 27. Bxf8 Kxf8 28. g5 Ne8
29. Nxe4 dxe4 30. Kc1 Nd6 31. Kb1 Rxa3 32. Bg2 Rxe3 0-1

[Event "39th Olympiad Women"]
[Site "Khanty-Mansiysk RUS"]
[Date "2010.09.28"]
[Round "7"]
[White "Abrahamyan, Tatev"]
[Black "Galojan, Lilit"]
[Result "1/2-1/2"]
[WhiteTitle "WFM"]
[BlackTitle "IM"]
[WhiteElo "2352"]
[BlackElo "2373"]
[Board "5.3"]
[WhiteTeam "USA"]
[BlackTeam "ARM"]
[WhiteFideId "13301918"]
[BlackFideId "13301314"]
[EventDate "2010.09.21"]
[EventType "team"]

1. e4 e5 2. Nf3 Nc6 3. Bc4 Bc5 4. O-O Nf6 5. Re1 O-O 6. d3 d6 7. c3 a6 8. Bb3 h6
9. h3 Ba7 10. Nbd2 Re8 11. Nf1 Be6 12. Ng3 d5 13. Qe2 Qd7 14. Nh4 Rad8 15. Bc2
dxe4 16. dxe4 Bxh3 17. gxh3 Qxh3 18. Nhf5 Ng4 19. Be3 Qh2+ 20. Kf1 Qh3+ 21. Kg1
Qh2+ 1/2-1/2

[Event "39th Olympiad Women"]
[Site "Khanty-Mansiysk RUS"]
[Date "2010.09.28"]
[Round "7"]
[White "Aginian, Nelly"]
[Black "Baginskaite, Camilla"]
[Result "1/2-1/2"]
[WhiteTitle "WGM"]
[BlackTitle "WGM"]
[WhiteElo "2282"]
[BlackElo "2328"]
[Board "5.4"]
[WhiteTeam "ARM"]
[BlackTeam "USA"]
[WhiteFideId "13300628"]
[BlackFideId "2014599"]
[EventDate "2010.09.21"]
[EventType "team"]

1. e4 e5 2. Nf3 Nc6 3. Bb5 Nf6 4. O-O Nxe4 5. Re1 Nd6 6. Nxe5 Nxe5 7. Rxe5+ Be7
8. Bf1 O-O 9. d4 Bf6 10. Re1 Nf5 11. d5 Re8 12. Nd2 Rxe1 13. Qxe1 d6 14. Ne4 Bd4
15. c3 Bb6 16. Bg5 f6 17. Bf4 Qe7 18. Bd3 Bd7 19. Qe2 Qf7 20. a4 a5 21. Bb5 Re8
22. Bxd7 Qxd7 23. Re1 Kh8 24. Qg4 g6 25. Qd1 Kg7 26. Re2 g5 27. Bd2 Nh4 28. Ng3
Re5 29. Rxe5 dxe5 30. Be3 Qd6 31. Ne4 Qd7 32. Bxb6 cxb6 33. b3 h6 34. h3 f5 35.
Ng3 Qd6 36. Qd3 Kf6 37. Nh5+ Kf7 38. Ng3 Kf6 39. Nh5+ Kf7 40. Ng3 1/2-1/2

[Event "39th Olympiad Women"]
[Site "Khanty-Mansiysk RUS"]
[Date "2010.09.28"]
[Round "7"]
[White "Bojkovic, Natasa"]
[Black "Heinatz, Gundula"]
[Result "1-0"]
[WhiteTitle "IM"]
[BlackTitle "WIM"]
[WhiteElo "2368"]
[BlackElo "2228"]
[Board "6.1"]
[WhiteTeam "SRB"]
[BlackTeam "SUI"]
[WhiteFideId "908550"]
[BlackFideId "4612434"]
[EventDate "2010.09.21"]
[EventType "team"]

1. e4 g6 2. d4 Bg7 3. c3 d6 4. Nf3 Nf6 5. Bd3 Nc6 6. O-O O-O 7. d5 Ne5 8. Nxe5
dxe5 9. c4 Nh5 10. Re1 c6 11. Nc3 Qe8 12. Be2 Nf4 13. Bf1 f6 14. Bxf4 exf4 15.
c5 e5 16. b4 f5 17. d6 Bd7 18. Rb1 Kh8 19. a4 Rc8 20. Bc4 Qd8 21. f3 Qh4 22. Qd2
g5 23. exf5 Bxf5 24. Bd3 Bd7 25. h3 a6 26. Ne4 Rce8 27. b5 axb5 28. axb5 Re6 29.
bxc6 Bxc6 30. Qf2 Qh5 31. Bb5 g4 32. hxg4 Qe8 33. Bxc6 bxc6 34. Rb7 Rh6 35. Reb1
Qa8 36. Qb2 Qd8 37. g5 Re6 38. Rb8 Qd7 39. Qb7 Qxb7 40. R1xb7 Ree8 41. Rxe8 Rxe8
42. Rc7 1-0

[Event "39th Olympiad Women"]
[Site "Khanty-Mansiysk RUS"]
[Date "2010.09.28"]
[Round "7"]
[White "Seps, Monika"]
[Black "Chelushkina, Irina"]
[Result "0-1"]
[WhiteTitle "WIM"]
[BlackTitle "WGM"]
[WhiteElo "2184"]
[BlackElo "2325"]
[Board "6.2"]
[WhiteTeam "SUI"]
[BlackTeam "SRB"]
[WhiteFideId "1308521"]
[BlackFideId "928615"]
[EventDate "2010.09.21"]
[EventType "team"]

1. e4 e6 2. Nf3 d5 3. e5 c5 4. b4 cxb4 5. a3 Nc6 6. d4 Qa5 7. Bd2 Qb6 8. Bd3 Bd7
9. O-O Nxd4 10. axb4 Nxf3+ 11. Qxf3 Bxb4 12. Qg4 Bf8 13. Nc3 h5 14. Qe2 Bc5 15.
Nb5 Qc6 16. Be3 Ne7 17. Bxc5 Qxc5 18. Nd6+ Kf8 19. Nxb7 Qc3 20. f4 f5 21. Qf2 a5
22. Qb6 Kf7 23. Rxa5 Rxa5 24. Nxa5 g5 25. fxg5 Qxe5 26. Nb7 Kg6 27. Nc5 Bc8 28.
Kh1 h4 29. h3 Kxg5 30. Qb4 Nc6 31. Qd2+ Kf6 32. Bb5 Qd4 33. Nd3 Ne7 34. Re1 Ng6
35. c3 Qb6 36. Ba4 Qa5 37. Bb3 d4 38. Nb4 dxc3 39. Qd4+ Kg5 40. Bxe6 Bxe6 41.
Rxe6 Qd8 42. Qg7 Rh6 43. Qxc3 Nf4 44. Re5 Qa8 45. Qc2 Qa1+ 0-1

[Event "39th Olympiad Women"]
[Site "Khanty-Mansiysk RUS"]
[Date "2010.09.28"]
[Round "7"]
[White "Paehtz, Elisabeth"]
[Black "Golubenko, Valentina"]
[Result "1-0"]
[WhiteTitle "IM"]
[BlackTitle "WGM"]
[WhiteElo "2467"]
[BlackElo "2278"]
[Board "7.1"]
[WhiteTeam "GER"]
[BlackTeam "CRO"]
[WhiteFideId "4641833"]
[BlackFideId "4501993"]
[EventDate "2010.09.21"]
[EventType "team"]

1. e4 e6 2. d4 d5 3. Nd2 c5 4. exd5 exd5 5. Ngf3 Nc6 6. Bb5 Bd6 7. dxc5 Bxc5 8.
O-O Ne7 9. Nb3 Bd6 10. Re1 O-O 11. Bd3 Qc7 12. c3 h6 13. h3 Bd7 14. Nbd4 a6 15.
Bc2 Nxd4 16. Nxd4 Rfe8 17. Be3 Bc5 18. Qf3 Rad8 19. Rad1 Bc8 20. Bf4 Bd6 21.
Bxd6 Qxd6 22. Re2 Nc6 23. Qd3 g6 24. Rde1 Rxe2 25. Rxe2 Qf4 26. Nxc6 bxc6 27.
Qd4 Qd6 28. b4 Qd7 29. Qe3 Kg7 30. Qe5+ Kg8 31. Re3 Kh7 32. h4 Qd6 33. h5 Qxe5
34. Rxe5 Kg7 35. hxg6 Kf6 36. Rh5 fxg6 37. Rxh6 Bf5 38. Bxf5 Kxf5 39. Rh3 Re8
40. Rf3+ Kg5 41. Re3 Rc8 42. Kf1 Kf5 43. Ke2 c5 44. Kd3 cxb4 45. cxb4 Rb8 46. a3
a5 47. Kd4 axb4 48. Rb3 Rb5 49. axb4 Ke6 50. Rb2 Kf5 51. Kc3 Ke5 52. Re2+ Kd6
53. Re8 Kd7 54. Rg8 g5 55. Kb3 d4 56. Kc4 Rf5 57. f3 Kc6 58. Rg6+ Kc7 59. Kxd4
Kb7 60. Ke3 Rb5 61. Kf2 Kc7 62. Kg3 Kd7 63. Kg4 Ke7 64. Rxg5 Rxb4+ 65. f4 Kf6
66. g3 Rb1 67. Ra5 Rb3 68. Ra6+ Kg7 69. Kh4 Rb4 70. Kg5 Rb5+ 71. f5 Rc5 72. Ra7+
Kf8 73. g4 Kg8 74. Kg6 Rc8 75. g5 Kh8 76. f6 Rb8 77. Rh7+ 1-0

[Event "39th Olympiad Women"]
[Site "Khanty-Mansiysk RUS"]
[Date "2010.09.28"]
[Round "7"]
[White "Ohme, Melanie"]
[Black "Franciskovic, Borka"]
[Result "1/2-1/2"]
[WhiteTitle "WIM"]
[BlackTitle "WIM"]
[WhiteElo "2311"]
[BlackElo "2282"]
[Board "7.3"]
[WhiteTeam "GER"]
[BlackTeam "CRO"]
[WhiteFideId "4690745"]
[BlackFideId "14507943"]
[EventDate "2010.09.21"]
[EventType "team"]

1. e4 c6 2. Ne2 d5 3. e5 c5 4. d4 Nc6 5. c3 cxd4 6. cxd4 Bf5 7. Nbc3 e6 8. Be3
Qb6 9. Na4 Qa5+ 10. Bd2 Nb4 11. Bxb4 Bxb4+ 12. Nac3 Ne7 13. a3 Bxc3+ 14. Nxc3
Nc6 15. Qd2 O-O 16. Be2 a6 17. O-O Qb6 18. Rad1 Qb3 19. g4 Bc2 20. Rc1 Bg6 21.
f4 f5 22. exf6 Rxf6 23. Bf3 Rd8 24. Rf2 Be4 25. Nxe4 dxe4 26. Bxe4 Rxd4 27. Qe1
Qb6 28. Kg2 Ne7 29. Qe3 Qd6 30. Bxb7 Rdxf4 31. Rxf4 Rxf4 32. h3 Rd4 33. Rc2 Ng6
34. Be4 Rd1 35. Rc8+ Nf8 36. Rc2 Ng6 37. Rc8+ Nf8 38. Rc2 Ng6 39. Bxg6 hxg6 40.
Re2 Qd5+ 41. Qe4 Qxe4+ 42. Rxe4 Rd2+ 43. Kf3 Rxb2 44. Rxe6 a5 45. Re3 Rb5 46.
Kf4 a4 47. Re8+ Kf7 48. Ra8 g5+ 49. Ke4 Rb3 50. Rxa4 Rxh3 51. Kf5 Rb3 52. Ra7+
Kg8 53. Kxg5 Kh7 54. a4 Ra3 55. Kf5 Rf3+ 56. Ke4 Rg3 57. Kf4 Ra3 58. g5 Ra1 59.
Ra6 Rf1+ 60. Ke4 Rg1 61. Kf5 Rf1+ 62. Ke5 Rg1 63. g6+ Kh6 64. a5 Rg5+ 65. Kf4
Rb5 66. Ke4 Rg5 67. Kd4 Kh5 68. Kc4 Rg4+ 69. Kb5 Rg5+ 70. Kb6 Rxg6+ 71. Kb7 Rg1
72. Rb6 g5 73. a6 Ra1 74. a7 Rxa7+ 75. Kxa7 g4 76. Rb8 g3 77. Kb6 Kh4 78. Kc5 g2
79. Rg8 Kh3 80. Kd4 Kh2 81. Rh8+ Kg3 82. Rg8+ 1/2-1/2

[Event "39th Olympiad Women"]
[Site "Khanty-Mansiysk RUS"]
[Date "2010.09.28"]
[Round "7"]
[White "Solic, Kristina"]
[Black "Fuchs, Judith"]
[Result "1-0"]
[WhiteTitle "WIM"]
[BlackTitle "WIM"]
[WhiteElo "2225"]
[BlackElo "2237"]
[Board "7.4"]
[WhiteTeam "CRO"]
[BlackTeam "GER"]
[WhiteFideId "14507323"]
[BlackFideId "24605611"]
[EventDate "2010.09.21"]
[EventType "team"]

1. e4 c6 2. d4 d5 3. Nc3 dxe4 4. Nxe4 Bf5 5. Ng3 Bg6 6. h4 h6 7. Nf3 Nd7 8. h5
Bh7 9. Bd3 Bxd3 10. Qxd3 Qc7 11. Bd2 e6 12. O-O-O Ngf6 13. Qe2 O-O-O 14. Ne5 Nb6
15. Ba5 Rd5 16. Bxb6 axb6 17. c4 Ra5 18. Kb1 Bd6 19. f4 Rd8 20. Rd3 b5 21. c5
Bxe5 22. fxe5 Nd5 23. Rf3 Kb8 24. Ne4 Ra4 25. Rd1 Rd7 26. Qe1 b4 27. Qf1 Qa5 28.
Qc4 Qd8 29. Qb3 Ra6 30. Nd6 Qh4 31. Nxf7 Qxh5 32. Nd6 Rd8 33. Rf7 Ra7 34. Rxg7
Rf8 35. Qd3 Nf4 36. Rf1 Rf5 37. Qg3 Ng6 38. Nxf5 Qe2 39. Qf3 Qa6 40. Nd6 Qxa2+
41. Kc2 Ra3 42. Rxb7+ Ka8 43. Qf8+ 1-0

[Event "39th Olympiad Women"]
[Site "Khanty-Mansiysk RUS"]
[Date "2010.09.28"]
[Round "7"]
[White "Sabirova, Olga"]
[Black "Voiska, Margarita"]
[Result "1/2-1/2"]
[WhiteTitle "WIM"]
[BlackTitle "WGM"]
[WhiteElo "2216"]
[BlackElo "2314"]
[Board "8.2"]
[WhiteTeam "UZB"]
[BlackTeam "BUL"]
[WhiteFideId "14200201"]
[BlackFideId "2900602"]
[EventDate "2010.09.21"]
[EventType "team"]

1. e4 c5 2. d3 Nc6 3. g3 g6 4. Bg2 Bg7 5. f4 e5 6. fxe5 Nxe5 7. Nc3 d6 8. Nge2
Ne7 9. O-O h6 10. Nf4 O-O 11. Ncd5 Nxd5 12. Nxd5 Bg4 13. Qe1 Be6 14. Nf4 Rc8 15.
Nxe6 fxe6 16. Rxf8+ Qxf8 17. Qe2 Rc7 18. Bf4 Rf7 19. Bh3 Qe7 20. c3 h5 21. Rd1
Nc6 22. Be3 Kh7 23. Rf1 Rxf1+ 24. Qxf1 Bh6 25. Bxh6 Kxh6 26. Qf2 Kg7 27. Kf1 g5
28. Ke2 Qf6 29. Qxf6+ 1/2-1/2

[Event "39th Olympiad Women"]
[Site "Khanty-Mansiysk RUS"]
[Date "2010.09.28"]
[Round "7"]
[White "Videnova, Iva"]
[Black "Hamrakulova, Yulduz"]
[Result "1-0"]
[WhiteTitle "WIM"]
[BlackTitle "WIM"]
[WhiteElo "2283"]
[BlackElo "2207"]
[Board "8.3"]
[WhiteTeam "BUL"]
[BlackTeam "UZB"]
[WhiteFideId "2907763"]
[BlackFideId "14201151"]
[EventDate "2010.09.21"]
[EventType "team"]

1. e4 e5 2. Nf3 Nf6 3. Nxe5 d6 4. Nf3 Nxe4 5. d4 d5 6. Bd3 Nc6 7. O-O Be7 8. c4
Nf6 9. cxd5 Nxd5 10. Nc3 O-O 11. a3 Bf6 12. Be4 Nce7 13. Qd3 h6 14. Ne5 c6 15.
f4 Qb6 16. Kh1 Bxe5 17. fxe5 Be6 18. Qg3 Kh8 19. Qh4 Ng8 20. Bd3 Qd8 21. Qe4 g6
22. Bd2 Qd7 23. Nxd5 Bxd5 24. Qh4 Kg7 25. Rf6 Be6 26. b4 Rad8 27. Be3 Qd5 28.
Raf1 Qd7 29. Be4 Qc7 30. Qg3 Kh8 31. h3 Nxf6 32. Rxf6 Kg7 33. Bxg6 fxg6 34.
Qxg6+ Kh8 35. Qxh6+ Qh7 36. Rxf8+ Rxf8 37. Qxf8+ Bg8 38. Bg5 Qg6 39. Bf6+ Kh7
40. Qe7+ Kh6 41. Qf8+ Kh7 42. e6 Qh6 43. Qxh6+ Kxh6 44. e7 Bf7 45. g4 Kg6 46.
Bh4 Be8 47. Kh2 1-0

[Event "39th Olympiad Women"]
[Site "Khanty-Mansiysk RUS"]
[Date "2010.09.28"]
[Round "7"]
[White "Ordaz Valdes, Lisandra Teresa"]
[Black "Muzychuk, Anna"]
[Result "1/2-1/2"]
[WhiteTitle "WIM"]
[BlackTitle "IM"]
[WhiteElo "2359"]
[BlackElo "2535"]
[Board "9.1"]
[WhiteTeam "CUB"]
[BlackTeam "SLO"]
[WhiteFideId "3506940"]
[BlackFideId "14111330"]
[EventDate "2010.09.21"]
[EventType "team"]

1. d4 f5 2. Nf3 Nf6 3. g3 g6 4. Bg2 Bg7 5. O-O O-O 6. b3 d6 7. Bb2 c6 8. c4 a5
9. Nc3 Na6 10. d5 e5 11. dxe6 Bxe6 12. Qd2 Nc5 13. Rad1 Nfe4 14. Nxe4 Nxe4 15.
Qc2 Bxb2 16. Qxb2 Qf6 17. Qc2 d5 18. c5 f4 19. Nd4 Rae8 20. Bxe4 dxe4 21. Nxe6
Qxe6 22. Rd6 Qe5 23. Qc4+ Kh8 24. Qd4 Kg8 25. Qc4+ Kh8 26. Qd4 1/2-1/2

[Event "39th Olympiad Women"]
[Site "Khanty-Mansiysk RUS"]
[Date "2010.09.28"]
[Round "7"]
[White "Collas, Silvia"]
[Black "Ghader Pour, Shayesteh"]
[Result "0-1"]
[WhiteTitle "IM"]
[BlackTitle "WIM"]
[WhiteElo "2320"]
[BlackElo "2206"]
[Board "10.3"]
[WhiteTeam "FRA"]
[BlackTeam "IRI"]
[WhiteFideId "2902265"]
[BlackFideId "12500747"]
[EventDate "2010.09.21"]
[EventType "team"]

1. d4 d5 2. c4 e6 3. Nf3 Nf6 4. Bg5 Be7 5. e3 O-O 6. Nc3 Nbd7 7. Qc2 c5 8. cxd5
Nxd5 9. Bxe7 Nxe7 10. dxc5 Nxc5 11. Be2 Ng6 12. b4 Nd7 13. O-O Qe7 14. a3 b6 15.
Rfd1 Bb7 16. Nb5 a6 17. Nd6 Bd5 18. Qc7 f5 19. Rac1 b5 20. Ne1 Nde5 21. f4 Nf7
22. Nxf7 Rxf7 23. Qxe7 Rxe7 24. Rc5 Rd7 25. g4 Rad8 26. a4 bxa4 27. gxf5 exf5
28. Bxa6 Bb3 29. Rxd7 Rxd7 30. Ra5 Ne7 31. Nd3 Nd5 32. Bb5 Rd8 33. Bxa4 Bxa4 34.
Rxa4 Nc3 35. Ra3 Rxd3 36. Rb3 Ne2+ 0-1

[Event "39th Olympiad Women"]
[Site "Khanty-Mansiysk RUS"]
[Date "2010.09.28"]
[Round "7"]
[White "Hakimifard, Ghazal"]
[Black "Maisuradze, Nino"]
[Result "0-1"]
[WhiteTitle "WFM"]
[BlackTitle "WGM"]
[WhiteElo "2173"]
[BlackElo "2273"]
[Board "10.4"]
[WhiteTeam "IRI"]
[BlackTeam "FRA"]
[WhiteFideId "12506540"]
[BlackFideId "13601717"]
[EventDate "2010.09.21"]
[EventType "team"]

1. e4 c5 2. Nf3 Nc6 3. d4 cxd4 4. Nxd4 g6 5. Nc3 Bg7 6. Nb3 Nf6 7. Be2 O-O 8.
O-O d6 9. Bg5 a6 10. f4 b5 11. Bf3 Bb7 12. Re1 Nd7 13. Rb1 a5 14. a4 bxa4 15.
Nd2 Nb6 16. Nd5 Re8 17. c3 Na7 18. Qe2 Nac8 19. Qe3 Nd7 20. Bh4 Rb8 21. Nc4 Ba6
22. Be2 Bxc4 23. Bxc4 Ndb6 24. Nxb6 Qxb6 25. Qxb6 Rxb6 26. f5 a3 27. bxa3 Bxc3
28. fxg6 hxg6 29. Rf1 Bd4+ 30. Kh1 e6 31. Bb5 Rf8 32. a4 Na7 33. Bd7 Rfb8 34.
Rxb6 Rxb6 35. Bd8 Rb7 36. Bb5 Nxb5 37. axb5 Rxb5 38. Rd1 a4 39. h3 e5 40. Rc1
Kg7 41. Rc8 Rb7 42. g4 f6 0-1

[Event "39th Olympiad Women"]
[Site "Khanty-Mansiysk RUS"]
[Date "2010.09.28"]
[Round "7"]
[White "Dauletova, Gulmira"]
[Black "Bezgodova, Maria"]
[Result "0-1"]
[WhiteTitle "WIM"]
[BlackTitle "WFM"]
[WhiteElo "2235"]
[BlackElo "2170"]
[Board "11.1"]
[WhiteTeam "KAZ"]
[BlackTeam "RUS3"]
[WhiteFideId "13702971"]
[BlackFideId "24111260"]
[EventDate "2010.09.21"]
[EventType "team"]

1. c4 e6 2. b3 d5 3. Bb2 Nf6 4. Nf3 c5 5. e3 Nc6 6. d4 Bd6 7. Nc3 O-O 8. Bd3 a6
9. O-O cxd4 10. exd4 Re8 11. Re1 Bd7 12. a3 h6 13. Rb1 Rc8 14. c5 Bb8 15. Na4
Bc7 16. b4 Nh7 17. Bc2 Qf6 18. Ne5 Nxe5 19. dxe5 Qh4 20. Qd4 Qxd4 21. Bxd4 Bb5
22. Nb2 Bd8 23. a4 Bd7 24. Bd3 f6 25. f4 Be7 26. Rbc1 fxe5 27. fxe5 Rf8 28. Rf1
Rxf1+ 29. Bxf1 Ng5 30. Bd3 Ne4 31. Nc4 Nxc5 32. bxc5 dxc4 33. Rxc4 Bc6 34. Rb4
Kf7 35. Bc4 Rd8 36. Be3 Rd1+ 37. Kf2 a5 38. Rb2 Ra1 39. Bb5 Bd5 40. Bd7 Bh4+ 41.
Ke2 Rh1 42. Bf2 Rxh2 43. Bxh4 Rxh4 44. Bc8 Rb4 45. Rxb4 axb4 46. Bd7 Ke7 47. Bb5
Bxg2 48. a5 Bd5 49. Ke3 g5 50. Be2 b3 51. Kd2 Kd7 52. Kc3 Kc6 53. Kb2 Kxc5 54.
Kc3 b2 55. Kxb2 Kd4 56. Ka3 Kxe5 57. Kb4 Kf4 58. Kc5 g4 0-1

[Event "39th Olympiad Women"]
[Site "Khanty-Mansiysk RUS"]
[Date "2010.09.28"]
[Round "7"]
[White "Bezgodova, Svetlana"]
[Black "Davletbayeva, Madina"]
[Result "1/2-1/2"]
[BlackTitle "WFM"]
[WhiteElo "2120"]
[BlackElo "2163"]
[Board "11.2"]
[WhiteTeam "RUS3"]
[BlackTeam "KAZ"]
[WhiteFideId "4110650"]
[BlackFideId "13703595"]
[EventDate "2010.09.21"]
[EventType "team"]

1. Nf3 Nf6 2. g3 b5 3. Bg2 Bb7 4. O-O e6 5. d3 d5 6. Nbd2 c5 7. e4 Nc6 8. e5 Nd7
9. Re1 Qc7 10. Qe2 Be7 11. Nf1 h6 12. h4 a5 13. N1h2 a4 14. a3 Nb6 15. Bf4 b4
16. Ng4 Ba6 17. h5 Rc8 18. Nd2 c4 19. Ne3 cxd3 20. cxd3 Nd4 21. Qg4 Kf8 22. Nxd5
Nxd5 23. Bxd5 exd5 24. e6 Qc6 25. exf7 Bf6 26. Nf1 Bxd3 27. Rac1 Nc2 28. Re6 Qb7
29. Ne3 Kxf7 30. Rd6 Rhd8 31. Qe6+ Kf8 32. Rxd8+ Rxd8 33. Nxc2 Bxb2 34. Re1 Qf7
35. Qb6 Bf6 36. Nxb4 Be4 37. Nc6 Qxh5 38. Qc5+ Kg8 39. Rxe4 Qd1+ 40. Kh2 dxe4
41. Nxd8 Bxd8 42. Qc4+ Kh8 43. Qxe4 Bf6 44. Qe6 Qb3 45. Qc8+ Kh7 46. Bd6 Qd3 47.
Bb4 Bd4 48. Qf8 Qc2 49. Kg2 Qc6+ 50. Kg1 Qc1+ 51. Kg2 Qc6+ 52. Kg1 Qc1+ 1/2-1/2

[Event "39th Olympiad Women"]
[Site "Khanty-Mansiysk RUS"]
[Date "2010.09.28"]
[Round "7"]
[White "Saduakassova, Dinara"]
[Black "Kabanova, Ekaterina"]
[Result "0-1"]
[WhiteTitle "WFM"]
[WhiteElo "2142"]
[BlackElo "2177"]
[Board "11.3"]
[WhiteTeam "KAZ"]
[BlackTeam "RUS3"]
[WhiteFideId "13700090"]
[BlackFideId "24112917"]
[EventDate "2010.09.21"]
[EventType "team"]

1. e4 c5 2. Nf3 e6 3. c3 Nf6 4. e5 Nd5 5. d4 cxd4 6. cxd4 d6 7. Bc4 Nc6 8. Qe2
Be7 9. O-O O-O 10. Nc3 Nxc3 11. bxc3 dxe5 12. dxe5 Qa5 13. Rb1 Rd8 14. Bd2 Rb8
15. Qe4 Qa4 16. Bg5 h6 17. Bxe7 Nxe7 18. Qe2 Ng6 19. Rb4 Qa5 20. Bd3 Nf8 21. Nd4
Bd7 22. f4 Qc5 23. Rc4 Qe7 24. Rb1 Rdc8 25. Rxc8 Rxc8 26. Rxb7 Qa3 27. Rb3 Qc1+
28. Qf1 Qd2 29. Qe2 Qxf4 30. Nf3 Bc6 31. Ba6 Rd8 32. Bd3 Nd7 33. Rb4 Qc1+ 34.
Ne1 Nc5 35. Kf2 Qxc3 36. Rc4 Nxd3+ 0-1

[Event "39th Olympiad Women"]
[Site "Khanty-Mansiysk RUS"]
[Date "2010.09.28"]
[Round "7"]
[White "Yakupova, Aysyla"]
[Black "Ankudinova, Yelena"]
[Result "0-1"]
[BlackTitle "WFM"]
[WhiteElo "2117"]
[BlackElo "2124"]
[Board "11.4"]
[WhiteTeam "RUS3"]
[BlackTeam "KAZ"]
[WhiteFideId "4197569"]
[BlackFideId "13702114"]
[EventDate "2010.09.21"]
[EventType "team"]

1. e4 c6 2. d4 d5 3. exd5 cxd5 4. Bd3 Nc6 5. c3 Nf6 6. Nd2 g6 7. h3 Bg7 8. Ngf3
Qc7 9. O-O Bf5 10. Bxf5 gxf5 11. Re1 Ne4 12. Nxe4 fxe4 13. Nd2 h5 14. Nf1 O-O-O
15. Ng3 e5 16. Nxh5 f5 17. dxe5 Bxe5 18. f4 d4 19. fxe5 dxc3 20. Qe2 Nd4 21. Qf2
Rxh5 22. bxc3 Nf3+ 23. gxf3 Rg8+ 24. Kf1 Rxh3 25. Re3 Rh1+ 26. Ke2 Qd7 27. Rxe4
fxe4 28. Qc5+ Kb8 29. Qd6+ Qxd6 30. exd6 exf3+ 31. Kxf3 Kc8 32. Bb2 Rxa1 33.
Bxa1 Kd7 34. Bb2 Kxd6 35. Ba3+ Kd5 36. Bb4 Re8 37. a4 Kc4 38. a5 a6 39. Kf4 Re1
40. Kf3 Rb1 41. Bd6 Kxc3 42. Ke2 Rb2+ 43. Ke3 Ra2 44. Bc7 Kb4 0-1

[Event "39th Olympiad Women"]
[Site "Khanty-Mansiysk RUS"]
[Date "2010.09.28"]
[Round "7"]
[White "Socko, Monika"]
[Black "Sukandar, Irine Kharisma"]
[Result "0-1"]
[WhiteTitle "GM"]
[BlackTitle "WGM"]
[WhiteElo "2486"]
[BlackElo "2372"]
[Board "12.1"]
[WhiteTeam "POL"]
[BlackTeam "INA"]
[WhiteFideId "1106619"]
[BlackFideId "7101937"]
[EventDate "2010.09.21"]
[EventType "team"]

1. d4 Nf6 2. c4 e6 3. Nc3 Bb4 4. e3 O-O 5. Ne2 c6 6. a3 Ba5 7. b4 Bc7 8. Ng3 d5
9. Bb2 Nbd7 10. Rc1 Re8 11. cxd5 exd5 12. Be2 Nf8 13. O-O g6 14. Re1 h5 15. Nf1
Qd6 16. Qc2 a6 17. Bd3 Ne6 18. f3 h4 19. Qf2 h3 20. g3 Ng5 21. e4 dxe4 22. Nxe4
Nfxe4 23. fxe4 Bg4 24. Nd2 Rad8 25. Rc5 Qe7 26. d5 Be5 27. Bxe5 Qxe5 28. dxc6
Qe7 29. Qe3 Ne6 30. Rc4 bxc6 31. e5 Qg5 32. Ne4 Qxe5 33. Nf2 Qd5 34. Re4 Bf5 35.
Bc4 Qd2 36. Qxd2 Rxd2 37. R4e3 Red8 38. g4 Bxg4 39. Nxh3 Bxh3 40. Rxh3 Nf4 41.
Rg3 Rc2 42. Bxa6 Rdd2 43. Bf1 Rxh2 44. a4 Rh5 45. a5 Kg7 46. Ra1 Rch2 47. a6
Ne2+ 48. Bxe2 Rh1+ 49. Kg2 R5h2+ 50. Kf3 Rxa1 51. Bd3 Ra3 52. Ke3 Rh4 0-1

[Event "39th Olympiad Women"]
[Site "Khanty-Mansiysk RUS"]
[Date "2010.09.28"]
[Round "7"]
[White "Medina, Warda Aulia"]
[Black "Kadziolka, Beata"]
[Result "1/2-1/2"]
[WhiteTitle "WFM"]
[BlackTitle "WGM"]
[WhiteElo "2011"]
[BlackElo "2295"]
[Board "12.4"]
[WhiteTeam "INA"]
[BlackTeam "POL"]
[WhiteFideId "7101570"]
[BlackFideId "1119990"]
[EventDate "2010.09.21"]
[EventType "team"]

1. e4 c5 2. Nc3 d6 3. f4 g6 4. d4 Qa5 5. dxc5 Qxc5 6. Qd5 Nd7 7. Qxc5 Nxc5 8.
Nb5 Kd8 9. Be3 b6 10. e5 a6 11. Nc3 e6 12. exd6 Bxd6 13. O-O-O Kc7 14. Nf3 Nh6
15. Ne5 Bb7 16. b4 Nd7 17. Nxd7 Kxd7 18. Bxb6 Kc6 19. b5+ axb5 20. Bxb5+ Kxb6
21. Rxd6+ Kc5 22. Rhd1 Bxg2 23. a4 Ra7 24. Kb2 Nf5 25. Rd7 Rxd7 26. Rxd7 Nd6 27.
Kb3 h6 28. Rc7+ Kb6 29. Rd7 Kc5 30. Rc7+ Kb6 31. Rd7 Kc5 1/2-1/2